000
00284nam a22001337a 4500
008
190223b xxu||||| |||| 00| 0 eng d
020
_a
9780073520865
041
_a
eng
080
_2
6th
_a
615
100
_a
5
101
_a
FAR
245
_a
Phamacology
_c
Hitner, H
942
_2
udc
_c
BK
999
_c
54151
_d
54151